[Event "15e Festival de Meurthe et Moselle Blitz"]
[Site "?"]
[Date "2017.02.18"]
[Round "8.3"]
[White "Nevednichy, Vladislav"]
[Black "Shchekachev, Andrei"]
[Result "1-0"]
[LiveChessVersion "1.4.8"]
[BlackElo "2552"]
[WhiteElo "2548"]

1. e4 {[%clk 0:04:03]} c5 {[%clk 0:04:03]} 2. Nf3 {[%clk 0:04:03]} g6
{[%clk 0:04:04]} 3. c3 {[%clk 0:03:40]} d5 {[%clk 0:04:05]} 4. d3
{[%clk 0:03:40]} Nc6 {[%clk 0:03:55]} 5. Be2 {[%clk 0:03:37]} Bg7
{[%clk 0:03:53]} 6. O-O {[%clk 0:03:37]} Nf6 {[%clk 0:03:35]} 7. e5
{[%clk 0:03:36]} Nd7 {[%clk 0:03:35]} 8. d4 {[%clk 0:03:37]} O-O {[%clk 0:03:30]}
9. Be3 {[%clk 0:03:31]} e6 {[%clk 0:03:09]} 10. Qd2 {[%clk 0:03:28]} a5
{[%clk 0:02:54]} 11. Na3 {[%clk 0:03:20]} cxd4 {[%clk 0:02:43]} 12. cxd4
{[%clk 0:03:20]} f6 {[%clk 0:02:44]} 13. exf6 {[%clk 0:03:20]} Nxf6
{[%clk 0:02:44]} 14. Ng5 {[%clk 0:03:05]} h6 {[%clk 0:02:35]} 15. Nf3
{[%clk 0:03:06]} Ne4 {[%clk 0:02:33]} 16. Qc1 {[%clk 0:03:06]} g5
{[%clk 0:02:26]} 17. h3 {[%clk 0:03:02]} Bd7 {[%clk 0:02:12]} 18. Nb5
{[%clk 0:02:56]} Rc8 {[%clk 0:02:02]} 19. Qd1 {[%clk 0:02:52]} Qe7
{[%clk 0:01:54]} 20. a3 {[%clk 0:02:46]} Be8 {[%clk 0:01:52]} 21. Rc1
{[%clk 0:02:43]} Bg6 {[%clk 0:01:48]} 22. Nd2 {[%clk 0:02:32]} Nd6
{[%clk 0:01:37]} 23. Nb3 {[%clk 0:02:27]} Nf5 {[%clk 0:01:26]} 24. Bg4
{[%clk 0:02:03]} b6 {[%clk 0:01:18]} 25. Re1 {[%clk 0:01:49]} Kh8
{[%clk 0:01:02]} 26. Nd2 {[%clk 0:01:30]} Ncxd4 {[%clk 0:00:49]} 27. Rxc8
{[%clk 0:01:25]} Rxc8 {[%clk 0:00:47]} 28. Bxd4 {[%clk 0:01:03]} Bxd4
{[%clk 0:00:27]} 29. Bxf5 {[%clk 0:00:58]} Bxf2+ {[%clk 0:00:28]} 30. Kxf2
{[%clk 0:00:57]} Qc5+ {[%clk 0:00:30]} 31. Kg3 {[%clk 0:00:50]} Bxf5
{[%clk 0:00:29]} 32. Qb3 {[%clk 0:00:37]} d4 {[%clk 0:00:21]} 33. Nf3
{[%clk 0:00:36]} a4 {[%clk 0:00:16]} 34. Qxa4 {[%clk 0:00:33]} Rd8
{[%clk 0:00:14]} 35. Qb4 {[%clk 0:00:30]} Qxb4 {[%clk 0:00:12]} 36. axb4
{[%clk 0:00:31]} d3 {[%clk 0:00:13]} 37. Nbd4 {[%clk 0:00:29]} Rd6
{[%clk 0:00:10]} 38. Nxf5 {[%clk 0:00:28]} exf5 {[%clk 0:00:11]} 39. Rd1
{[%clk 0:00:28]} Kg7 {[%clk 0:00:10]} 40. Ne5 {[%clk 0:00:29]} d2
{[%clk 0:00:10]} 41. Nf3 {[%clk 0:00:28]} f4+ {[%clk 0:00:08]} 42. Kf2
{[%clk 0:00:29]} Rc6 {[%clk 0:00:07]} 43. Rxd2 {[%clk 0:00:30]} Kf6
{[%clk 0:00:07]} 44. Nd4 {[%clk 0:00:29]} Rc4 {[%clk 0:00:07]} 45. b5
{[%clk 0:00:30]} h5 {[%clk 0:00:06]} 46. Ne2 {[%clk 0:00:27]} Ke5
{[%clk 0:00:06]} 47. Nc3 {[%clk 0:00:28]} g4 {[%clk 0:00:05]} 48. h4
{[%clk 0:00:29]} Rb4 {[%clk 0:00:05]} 49. Ke2 {[%clk 0:00:24]} Ke6
{[%clk 0:00:06]} 50. Kd3 {[%clk 0:00:25]} f3 {[%clk 0:00:04]} 51. gxf3
{[%clk 0:00:23]} gxf3 {[%clk 0:00:06]} 52. Ke3 {[%clk 0:00:23]} Rxh4
{[%clk 0:00:06]} 53. Ne4 {[%clk 0:00:23]} Ke5 {[%clk 0:00:05]} 54. Ng3
{[%clk 0:00:20]} Rb4 {[%clk 0:00:05]} 55. Kxf3 {[%clk 0:00:19]} h4
{[%clk 0:00:06]} 56. Re2+ {[%clk 0:00:19]} Kd5 {[%clk 0:00:06]} 57. Nf5
{[%clk 0:00:17]} Rxb5 {[%clk 0:00:06]} 58. Nxh4 {[%clk 0:00:18]} Kc4
{[%clk 0:00:07]} 59. Ng2 {[%clk 0:00:17]} Kb3 {[%clk 0:00:09]} 60. Ne3
{[%clk 0:00:17]} Ka2 {[%clk 0:00:07]} 61. Nd1 {[%clk 0:00:18]} Rb3+
{[%clk 0:00:05]} 62. Ke4 {[%clk 0:00:18]} Kb1 {[%clk 0:00:05]} 63. Kd4
{[%clk 0:00:17]} Kc1 {[%clk 0:00:05]} 64. Re1 {[%clk 0:00:12]} Kd2
{[%clk 0:00:06]} 65. Rh1 {[%clk 0:00:13]} Rd3+ {[%clk 0:00:07]} 66. Kc4
{[%clk 0:00:14]} Rf3 {[%clk 0:00:08]} 67. Nc3 {[%clk 0:00:15]} Kc2
{[%clk 0:00:08]} 68. Rh2+ {[%clk 0:00:17]} Kc1 {[%clk 0:00:09]} 69. Kb3
{[%clk 0:00:18]} b5 {[%clk 0:00:10]} 70. Rc2# {[%clk 0:00:19]} 1-0

[Event "15e Festival de Meurthe et Moselle Blitz"]
[Site "?"]
[Date "2017.02.18"]
[Round "8.4"]
[White "Le Corre, Benjamin"]
[Black "Berend, Fred"]
[Result "0-1"]
[LiveChessVersion "1.4.8"]
[BlackElo "2343"]
[WhiteElo "2278"]

1. e4 {[%clk 0:04:03]} e5 {[%clk 0:04:02]} 2. Nf3 {[%clk 0:04:04]} Nc6
{[%clk 0:04:03]} 3. Bb5 {[%clk 0:04:05]} Nf6 {[%clk 0:04:04]} 4. Nc3
{[%clk 0:04:04]} Bd6 {[%clk 0:04:02]} 5. O-O {[%clk 0:04:02]} O-O
{[%clk 0:04:02]} 6. Re1 {[%clk 0:03:51]} Re8 {[%clk 0:04:04]} 7. Bf1
{[%clk 0:03:45]} Bc5 {[%clk 0:03:52]} 8. d3 {[%clk 0:03:47]} h6 {[%clk 0:03:37]}
9. h3 {[%clk 0:03:28]} d6 {[%clk 0:03:31]} 10. Na4 {[%clk 0:03:14]} a5
{[%clk 0:03:21]} 11. Nxc5 {[%clk 0:03:04]} dxc5 {[%clk 0:03:22]} 12. Be3
{[%clk 0:03:03]} b6 {[%clk 0:03:19]} 13. g3 {[%clk 0:03:02]} Qe7 {[%clk 0:02:56]}
14. Bg2 {[%clk 0:02:58]} Ba6 {[%clk 0:02:54]} 15. Nh4 {[%clk 0:02:58]} Qf8
{[%clk 0:02:49]} 16. Nf5 {[%clk 0:02:51]} Ne7 {[%clk 0:02:49]} 17. Qf3
{[%clk 0:02:52]} Nxf5 {[%clk 0:02:43]} 18. exf5 {[%clk 0:02:52]} Rad8
{[%clk 0:02:35]} 19. Rad1 {[%clk 0:02:45]} c4 {[%clk 0:02:04]} 20. dxc4
{[%clk 0:02:19]} Rxd1 {[%clk 0:01:52]} 21. Rxd1 {[%clk 0:02:16]} Bxc4
{[%clk 0:01:53]} 22. Qc6 {[%clk 0:02:11]} Qb4 {[%clk 0:01:21]} 23. c3
{[%clk 0:02:07]} Qb5 {[%clk 0:01:12]} 24. b3 {[%clk 0:01:56]} Be2
{[%clk 0:01:07]} 25. Rd2 {[%clk 0:01:58]} e4 {[%clk 0:00:50]} 26. Qxb5
{[%clk 0:01:39]} Bxb5 {[%clk 0:00:50]} 27. c4 {[%clk 0:01:41]} Bc6
{[%clk 0:00:47]} 28. Bf4 {[%clk 0:01:39]} Rc8 {[%clk 0:00:42]} 29. g4
{[%clk 0:01:40]} Kf8 {[%clk 0:00:37]} 30. Be5 {[%clk 0:01:03]} Ke7
{[%clk 0:00:32]} 31. Rd4 {[%clk 0:00:55]} Rd8 {[%clk 0:00:23]} 32. Rxd8
{[%clk 0:00:53]} Kxd8 {[%clk 0:00:25]} 33. Bxf6+ gxf6 {[%clk 0:00:26]} 34. Kf1
{[%clk 0:00:52]} Kd7 {[%clk 0:00:27]} 35. Ke2 {[%clk 0:00:54]} Kd6
{[%clk 0:00:28]} 36. Ke3 {[%clk 0:00:52]} Ke5 {[%clk 0:00:24]} 37. a3
{[%clk 0:00:52]} Bb7 {[%clk 0:00:23]} 38. b4 {[%clk 0:00:52]} axb4
{[%clk 0:00:24]} 39. axb4 {[%clk 0:00:54]} c5 {[%clk 0:00:25]} 40. b5
{[%clk 0:00:43]} Ba8 {[%clk 0:00:27]} 41. Bh1 Bb7 42. Bg2 {[%clk 0:00:29]} Ba8
{[%clk 0:00:30]} 43. Bh1 {[%clk 0:00:30]} Bb7 {[%clk 0:00:32]} 0-1

[Event "15e Festival de Meurthe et Moselle Blitz"]
[Site "?"]
[Date "2017.02.18"]
[Round "9.1"]
[White "Bellahcene, Bilel"]
[Black "Nevednichy, Vladislav"]
[Result "0-1"]
[LiveChessVersion "1.4.8"]
[BlackElo "2548"]
[WhiteElo "2486"]

1. d4 {[%clk 0:04:03]} Nf6 {[%clk 0:04:00]} 2. c4 {[%clk 0:04:04]} g6
{[%clk 0:04:01]} 3. Nc3 {[%clk 0:04:05]} Bg7 {[%clk 0:04:02]} 4. e4
{[%clk 0:04:06]} d6 {[%clk 0:04:04]} 5. h3 {[%clk 0:04:07]} O-O {[%clk 0:04:05]}
6. Nf3 {[%clk 0:04:09]} e5 {[%clk 0:04:05]} 7. d5 {[%clk 0:04:10]} a5
{[%clk 0:04:06]} 8. Be3 {[%clk 0:04:10]} Na6 {[%clk 0:04:06]} 9. g4
{[%clk 0:04:10]} Nd7 {[%clk 0:04:06]} 10. a3 {[%clk 0:04:09]} Nac5
{[%clk 0:04:04]} 11. Nd2 {[%clk 0:03:55]} c6 {[%clk 0:03:39]} 12. h4
{[%clk 0:03:33]} f5 {[%clk 0:03:33]} 13. gxf5 {[%clk 0:03:28]} gxf5
{[%clk 0:03:34]} 14. exf5 {[%clk 0:03:18]} Nf6 {[%clk 0:03:13]} 15. h5
{[%clk 0:02:44]} Bxf5 {[%clk 0:03:05]} 16. Rg1 {[%clk 0:02:46]} Kf7
{[%clk 0:02:58]} 17. h6 {[%clk 0:02:42]} Bh8 {[%clk 0:02:59]} 18. Qf3
{[%clk 0:02:33]} Qd7 {[%clk 0:02:54]} 19. Bxc5 {[%clk 0:02:14]} dxc5
{[%clk 0:02:55]} 20. Nde4 {[%clk 0:02:00]} Rg8 {[%clk 0:02:42]} 21. Ng5+
{[%clk 0:01:36]} Ke7 {[%clk 0:02:21]} 22. O-O-O {[%clk 0:01:32]} Bg4
{[%clk 0:02:13]} 23. Qe3 {[%clk 0:01:06]} Rxg5 {[%clk 0:01:52]} 24. Qxg5
{[%clk 0:01:02]} Bxd1 {[%clk 0:01:46]} 25. Kxd1 {[%clk 0:00:48]} Qc7
{[%clk 0:01:29]} 26. Qf5 {[%clk 0:00:42]} Rd8 {[%clk 0:01:16]} 27. Kc2
{[%clk 0:00:36]} Qd7 {[%clk 0:01:13]} 28. Qxe5+ {[%clk 0:00:36]} Kf8
{[%clk 0:01:13]} 29. Qf4 {[%clk 0:00:32]} Qd6 {[%clk 0:01:10]} 30. Qf3
{[%clk 0:00:29]} b5 {[%clk 0:01:04]} 31. Bd3 {[%clk 0:00:15]} Qe5
{[%clk 0:00:55]} 32. Bxh7 {[%clk 0:00:12]} b4 {[%clk 0:00:54]} 33. Rg8+
{[%clk 0:00:12]} Ke7 {[%clk 0:00:54]} 34. Rxd8 {[%clk 0:00:10]} Kxd8
{[%clk 0:00:55]} 35. dxc6 {[%clk 0:00:05]} bxc3 {[%clk 0:00:55]} 36. Bf5
{[%clk 0:00:05]} cxb2 {[%clk 0:00:51]} 37. h7 {[%clk 0:00:07]} Kc7
{[%clk 0:00:48]} 38. Bh3 {[%clk 0:00:07]} Qe4+ {[%clk 0:00:45]} 39. Qxe4
{[%clk 0:00:09]} Nxe4 {[%clk 0:00:47]} 40. f3 {[%clk 0:00:08]} Nd2
{[%clk 0:00:47]} 0-1

[Event "15e Festival de Meurthe et Moselle Blitz"]
[Site "?"]
[Date "2017.02.18"]
[Round "9.2"]
[White "Fressinet, Laurent"]
[Black "Mohammad, Samir"]
[Result "1-0"]
[LiveChessVersion "1.4.8"]
[BlackElo "2357"]
[WhiteElo "2660"]

1. d4 {[%clk 0:04:02]} Nf6 {[%clk 0:03:54]} 2. Nf3 {[%clk 0:04:02]} g6
{[%clk 0:03:52]} 3. g3 {[%clk 0:04:03]} Bg7 {[%clk 0:03:53]} 4. Bg2
{[%clk 0:04:04]} O-O {[%clk 0:03:53]} 5. O-O {[%clk 0:04:03]} d6 {[%clk 0:03:55]}
6. b3 {[%clk 0:04:03]} Nc6 {[%clk 0:03:50]} 7. Bb2 {[%clk 0:04:02]} e5
{[%clk 0:03:51]} 8. dxe5 {[%clk 0:04:00]} Nd7 {[%clk 0:03:52]} 9. Nc3
{[%clk 0:03:58]} Ndxe5 {[%clk 0:03:46]} 10. Nxe5 {[%clk 0:03:58]} Nxe5
{[%clk 0:03:39]} 11. Qd2 {[%clk 0:03:58]} Rb8 {[%clk 0:03:30]} 12. Rab1
{[%clk 0:03:45]} Bd7 {[%clk 0:03:26]} 13. Rfd1 {[%clk 0:03:38]} Bc6
{[%clk 0:03:26]} 14. Nd5 {[%clk 0:03:39]} Re8 {[%clk 0:03:12]} 15. c4
{[%clk 0:03:39]} a6 {[%clk 0:02:58]} 16. Rbc1 {[%clk 0:03:37]} Bd7
{[%clk 0:02:38]} 17. c5 {[%clk 0:03:23]} Be6 {[%clk 0:02:16]} 18. cxd6
{[%clk 0:03:14]} cxd6 {[%clk 0:02:12]} 19. Nc7 {[%clk 0:03:12]} Re7
{[%clk 0:02:12]} 20. Nxe6 {[%clk 0:02:56]} Rxe6 {[%clk 0:02:13]} 21. Bh3
{[%clk 0:02:54]} Re7 {[%clk 0:02:08]} 22. Bd4 {[%clk 0:02:38]} Qe8
{[%clk 0:01:55]} 23. Rc2 {[%clk 0:02:33]} Rd8 {[%clk 0:01:50]} 24. Rdc1
{[%clk 0:02:22]} Nc6 {[%clk 0:01:49]} 25. Bb6 {[%clk 0:02:03]} Rb8
{[%clk 0:01:44]} 26. Bg2 {[%clk 0:02:02]} Ne5 {[%clk 0:01:32]} 27. Qxd6
{[%clk 0:01:36]} h5 {[%clk 0:01:27]} 28. Qxb8 {[%clk 0:01:34]} Qxb8
{[%clk 0:01:27]} 29. Rc8+ {[%clk 0:01:34]} Qxc8 {[%clk 0:01:25]} 30. Rxc8+
{[%clk 0:01:35]} Kh7 {[%clk 0:01:26]} 31. Rc7 {[%clk 0:01:33]} Rxc7
{[%clk 0:01:22]} 32. Bxc7 {[%clk 0:01:34]} Nc6 {[%clk 0:01:24]} 33. Bd6
{[%clk 0:01:12]} Bc3 {[%clk 0:01:20]} 34. e3 {[%clk 0:01:05]} Kg7
{[%clk 0:01:20]} 35. Kf1 {[%clk 0:01:00]} Kf6 {[%clk 0:01:20]} 36. Bd5
{[%clk 0:01:01]} a5 {[%clk 0:01:18]} 37. Bxc6 {[%clk 0:00:49]} bxc6
{[%clk 0:01:19]} 38. Ke2 {[%clk 0:00:50]} Ke6 {[%clk 0:01:19]} 39. Bc7
{[%clk 0:00:47]} Kd5 {[%clk 0:01:17]} 40. Kd3 {[%clk 0:00:46]} Be1
{[%clk 0:01:18]} 41. f3 {[%clk 0:00:41]} Kc5 {[%clk 0:01:07]} 42. Be5
{[%clk 0:00:34]} Kb5 {[%clk 0:01:05]} 43. Bc3 {[%clk 0:00:32]} Bf2
{[%clk 0:00:59]} 44. a4+ {[%clk 0:00:23]} Kb6 {[%clk 0:00:59]} 45. Ke2
{[%clk 0:00:24]} Bg1 {[%clk 0:01:00]} 46. h3 {[%clk 0:00:18]} f5 {[%clk 0:00:58]}
47. f4 {[%clk 0:00:14]} c5 {[%clk 0:00:53]} 48. Bd2 {[%clk 0:00:15]} c4
{[%clk 0:00:48]} 49. bxc4 {[%clk 0:00:16]} Kc5 {[%clk 0:00:50]} 50. Bxa5
{[%clk 0:00:13]} Kxc4 {[%clk 0:00:51]} 51. Bd2 {[%clk 0:00:14]} Bh2
{[%clk 0:00:49]} 52. a5 {[%clk 0:00:13]} Kb5 {[%clk 0:00:48]} 53. Kf2
{[%clk 0:00:13]} 1-0

[Event "15e Festival de Meurthe et Moselle Blitz"]
[Site "?"]
[Date "2017.02.18"]
[Round "9.3"]
[White "Moucheroud, Jeremy"]
[Black "Gurevich, Mikhail"]
[Result "0-1"]
[LiveChessVersion "1.4.8"]
[BlackElo "2549"]
[WhiteElo "2197"]

1. e4 {[%clk 0:04:02]} d6 {[%clk 0:04:03]} 2. d4 {[%clk 0:04:03]} g6
{[%clk 0:04:05]} 3. Nc3 {[%clk 0:04:03]} Bg7 {[%clk 0:04:06]} 4. Be3
{[%clk 0:04:00]} a6 {[%clk 0:04:07]} 5. Qd2 {[%clk 0:03:53]} Nd7 {[%clk 0:04:07]}
6. h4 {[%clk 0:03:53]} h6 {[%clk 0:03:56]} 7. O-O-O {[%clk 0:03:24]} b5
{[%clk 0:03:56]} 8. Nh3 {[%clk 0:02:35]} c6 {[%clk 0:03:35]} 9. f4
{[%clk 0:02:25]} Ngf6 {[%clk 0:03:23]} 10. Nf2 {[%clk 0:02:26]} Nb6
{[%clk 0:03:23]} 11. Be2 {[%clk 0:01:59]} Nc4 {[%clk 0:03:18]} 12. Bxc4
{[%clk 0:02:00]} bxc4 {[%clk 0:03:19]} 13. e5 {[%clk 0:01:33]} Nd5
{[%clk 0:02:28]} 14. Nxd5 {[%clk 0:01:05]} cxd5 {[%clk 0:02:28]} 15. h5
{[%clk 0:01:03]} Rb8 {[%clk 0:02:26]} 16. g4 {[%clk 0:00:56]} Bd7
{[%clk 0:02:09]} 17. Rde1 {[%clk 0:00:17]} Qb6 {[%clk 0:01:27]} 18. c3
{[%clk 0:00:18]} Kd8 {[%clk 0:01:22]} 19. Rhg1 {[%clk 0:00:19]} Qa5
{[%clk 0:01:19]} 20. Kb1 {[%clk 0:00:20]} gxh5 {[%clk 0:01:14]} 21. gxh5
{[%clk 0:00:15]} Bf5+ {[%clk 0:01:14]} 22. Ka1 {[%clk 0:00:17]} Bf8
{[%clk 0:01:11]} 23. Rg3 {[%clk 0:00:13]} e6 {[%clk 0:01:09]} 24. Reg1
{[%clk 0:00:14]} Kd7 {[%clk 0:00:59]} 25. Rg8 {[%clk 0:00:12]} Rxg8
{[%clk 0:00:46]} 26. Rxg8 {[%clk 0:00:13]} Qb5 {[%clk 0:00:41]} 27. Ng4
{[%clk 0:00:14]} dxe5 {[%clk 0:00:30]} 28. Nf6+ {[%clk 0:00:14]} Kc6
{[%clk 0:00:29]} 29. dxe5 {[%clk 0:00:14]} Be7 {[%clk 0:00:27]} 30. Rxb8
{[%clk 0:00:15]} Qxb8 {[%clk 0:00:29]} 31. Qd4 {[%clk 0:00:15]} Qb7
{[%clk 0:00:20]} 32. Ng8 {[%clk 0:00:15]} Bf8 {[%clk 0:00:20]} 33. Nf6
{[%clk 0:00:13]} a5 {[%clk 0:00:21]} 34. Qd1 {[%clk 0:00:12]} Qb5
{[%clk 0:00:21]} 35. Qd4 {[%clk 0:00:13]} Qa6 {[%clk 0:00:16]} 36. a4
{[%clk 0:00:09]} Qb7 {[%clk 0:00:15]} 37. Qa7 {[%clk 0:00:06]} Qxa7
{[%clk 0:00:13]} 38. Bxa7 {[%clk 0:00:07]} Bc2 {[%clk 0:00:14]} 39. Be3
{[%clk 0:00:03]} Bxa4 {[%clk 0:00:13]} 40. Nh7 {[%clk 0:00:04]} Bg7
{[%clk 0:00:12]} 41. Nf6 {[%clk 0:00:05]} Bc2 {[%clk 0:00:10]} 42. Ne8
{[%clk 0:00:05]} Bf8 {[%clk 0:00:11]} 43. Nf6 {[%clk 0:00:05]} a4
{[%clk 0:00:11]} 44. Ka2 {[%clk 0:00:06]} Bd1 {[%clk 0:00:10]} 45. Bd4
{[%clk 0:00:03]} Be7 {[%clk 0:00:10]} 46. Ng8 {[%clk 0:00:03]} Bf8
{[%clk 0:00:11]} 47. Nf6 {[%clk 0:00:04]} Bg7 {[%clk 0:00:11]} 48. Be3
{[%clk 0:00:03]} Bxf6 {[%clk 0:00:08]} 49. exf6 {[%clk 0:00:04]} Bxh5
{[%clk 0:00:09]} 50. f5 {[%clk 0:00:06]} e5 {[%clk 0:00:06]} 51. Bxh6
{[%clk 0:00:06]} d4 {[%clk 0:00:07]} 52. Ka3 {[%clk 0:00:04]} Kb5
{[%clk 0:00:09]} 53. cxd4 {[%clk 0:00:03]} exd4 {[%clk 0:00:10]} 54. Bf4
{[%clk 0:00:04]} Bd1 {[%clk 0:00:10]} 55. Be5 {[%clk 0:00:06]} d3
{[%clk 0:00:11]} 56. Bc3 {[%clk 0:00:07]} Bb3 {[%clk 0:00:11]} 57. Bd2
{[%clk 0:00:08]} Kc5 {[%clk 0:00:12]} 58. Bc3 {[%clk 0:00:09]} Kd5
{[%clk 0:00:13]} 59. Kb4 {[%clk 0:00:10]} Ke4 {[%clk 0:00:14]} 60. Kc5
{[%clk 0:00:11]} Ke3 {[%clk 0:00:15]} 61. Kd6 {[%clk 0:00:12]} d2
{[%clk 0:00:16]} 62. Bxd2+ {[%clk 0:00:12]} Kxd2 {[%clk 0:00:16]} 0-1

[Event "15e Festival de Meurthe et Moselle Blitz"]
[Site "?"]
[Date "2017.02.18"]
[Round "9.4"]
[White "Fridman, Daniel"]
[Black "Karagyozian, Edgar"]
[Result "1-0"]
[LiveChessVersion "1.4.8"]
[BlackElo "2199"]
[WhiteElo "2594"]

1. Nf3 {[%clk 0:04:03]} d5 {[%clk 0:04:04]} 2. d4 {[%clk 0:04:04]} c6
{[%clk 0:04:05]} 3. c4 {[%clk 0:04:04]} e6 {[%clk 0:04:04]} 4. Qc2
{[%clk 0:04:02]} Nf6 {[%clk 0:04:05]} 5. g3 {[%clk 0:04:03]} Ne4 {[%clk 0:04:01]}
6. Bg2 {[%clk 0:04:03]} Bb4+ {[%clk 0:04:01]} 7. Nbd2 {[%clk 0:04:04]} Nxd2
{[%clk 0:04:00]} 8. Bxd2 {[%clk 0:04:03]} Bxd2+ {[%clk 0:04:00]} 9. Nxd2
{[%clk 0:04:00]} O-O {[%clk 0:03:59]} 10. Rd1 {[%clk 0:03:59]} Nd7
{[%clk 0:03:58]} 11. O-O {[%clk 0:03:53]} Nf6 {[%clk 0:03:53]} 12. b3
{[%clk 0:03:38]} Qc7 {[%clk 0:03:48]} 13. Rfe1 {[%clk 0:03:20]} Rd8
{[%clk 0:03:41]} 14. b4 {[%clk 0:02:39]} a5 {[%clk 0:03:21]} 15. a3
{[%clk 0:02:36]} Bd7 {[%clk 0:02:55]} 16. c5 {[%clk 0:02:24]} Be8
{[%clk 0:02:51]} 17. Qc3 {[%clk 0:02:20]} h6 {[%clk 0:02:43]} 18. Nb3
{[%clk 0:02:19]} axb4 {[%clk 0:02:35]} 19. axb4 {[%clk 0:02:20]} b6
{[%clk 0:02:03]} 20. Ra1 {[%clk 0:02:20]} Nd7 {[%clk 0:01:56]} 21. cxb6
{[%clk 0:02:07]} Qxb6 {[%clk 0:01:51]} 22. Na5 {[%clk 0:02:05]} Nb8
{[%clk 0:01:39]} 23. Qc5 {[%clk 0:01:48]} Qxc5 {[%clk 0:01:02]} 24. bxc5
{[%clk 0:01:48]} Kf8 {[%clk 0:00:51]} 25. Reb1 {[%clk 0:01:21]} Ra7
{[%clk 0:00:50]} 26. Nb7 {[%clk 0:01:15]} Rxa1 {[%clk 0:00:45]} 27. Rxa1
{[%clk 0:01:16]} Rc8 {[%clk 0:00:24]} 28. Nd6 {[%clk 0:01:04]} Rd8
{[%clk 0:00:23]} 29. Ra8 {[%clk 0:01:01]} Ke7 {[%clk 0:00:18]} 30. e3
{[%clk 0:00:52]} Nd7 {[%clk 0:00:12]} 31. Ra7 {[%clk 0:00:49]} Rb8
{[%clk 0:00:07]} 32. Bf1 {[%clk 0:00:41]} Kd8 {[%clk 0:00:05]} 33. Nb7+
{[%clk 0:00:36]} Kc7 {[%clk 0:00:05]} 34. Na5+ {[%clk 0:00:36]} Kc8
{[%clk 0:00:05]} 35. Ba6+ {[%clk 0:00:36]} 1-0

[Event "15e Festival de Meurthe et Moselle Blitz"]
[Site "?"]
[Date "2017.02.18"]
[Round "10.1"]
[White "Berend, Fred"]
[Black "Fressinet, Laurent"]
[Result "0-1"]
[LiveChessVersion "1.4.8"]
[BlackElo "2660"]
[WhiteElo "2343"]

1. d4 {[%clk 0:04:03]} Nf6 {[%clk 0:04:00]} 2. c4 {[%clk 0:04:03]} e6
{[%clk 0:04:00]} 3. g3 {[%clk 0:04:04]} d5 {[%clk 0:04:00]} 4. Nf3
{[%clk 0:04:03]} Be7 {[%clk 0:04:01]} 5. Bg2 {[%clk 0:04:04]} O-O
{[%clk 0:04:02]} 6. O-O {[%clk 0:04:05]} c6 {[%clk 0:04:03]} 7. Qc2
{[%clk 0:03:53]} b6 {[%clk 0:04:03]} 8. Nbd2 {[%clk 0:03:54]} Bb7
{[%clk 0:04:04]} 9. b3 {[%clk 0:03:52]} Na6 {[%clk 0:04:00]} 10. Bb2
{[%clk 0:03:49]} Rc8 {[%clk 0:04:00]} 11. Rad1 {[%clk 0:03:36]} h6
{[%clk 0:03:41]} 12. Rfe1 {[%clk 0:03:26]} c5 {[%clk 0:03:39]} 13. Qb1
{[%clk 0:03:19]} cxd4 {[%clk 0:03:32]} 14. Nxd4 {[%clk 0:03:14]} Nc5
{[%clk 0:03:32]} 15. cxd5 {[%clk 0:02:33]} Bxd5 {[%clk 0:03:17]} 16. Nb5
{[%clk 0:01:54]} Bxg2 {[%clk 0:03:03]} 17. Kxg2 {[%clk 0:01:55]} Qd7
{[%clk 0:03:05]} 18. Nc3 {[%clk 0:01:46]} Qb7+ {[%clk 0:03:00]} 19. e4
{[%clk 0:01:35]} Rfd8 {[%clk 0:02:56]} 20. f3 {[%clk 0:01:27]} Nd3
{[%clk 0:02:53]} 21. Rf1 {[%clk 0:01:21]} Bb4 {[%clk 0:02:40]} 22. Nc4
{[%clk 0:01:10]} Nxb2 {[%clk 0:02:34]} 23. Rxd8+ {[%clk 0:01:10]} Rxd8
{[%clk 0:02:35]} 24. Qxb2 {[%clk 0:01:11]} b5 {[%clk 0:02:21]} 25. Ne3
{[%clk 0:00:43]} Rd3 {[%clk 0:02:18]} 26. Ned1 {[%clk 0:00:29]} Qd7
{[%clk 0:02:15]} 27. Rf2 {[%clk 0:00:13]} Bc5 {[%clk 0:01:48]} 28. Re2
{[%clk 0:00:09]} Bb6 {[%clk 0:01:39]} 29. Nf2 {[%clk 0:00:10]} Bxf2
{[%clk 0:01:27]} 30. Rxf2 {[%clk 0:00:09]} a6 {[%clk 0:01:28]} 31. Nb1
{[%clk 0:00:09]} h5 {[%clk 0:01:16]} 32. Qc2 {[%clk 0:00:10]} h4 {[%clk 0:01:13]}
33. g4 {[%clk 0:00:08]} Qd4 {[%clk 0:01:10]} 34. Rd2 {[%clk 0:00:08]} Rxd2+
{[%clk 0:01:10]} 35. Qxd2 {[%clk 0:00:09]} Qc5 {[%clk 0:01:01]} 36. Nc3
{[%clk 0:00:06]} Nh7 {[%clk 0:00:49]} 37. f4 {[%clk 0:00:05]} Nf6
{[%clk 0:00:46]} 38. Kh3 {[%clk 0:00:03]} b4 {[%clk 0:00:47]} 39. Na4
{[%clk 0:00:00]} 0-1

[Event "15e Festival de Meurthe et Moselle Blitz"]
[Site "?"]
[Date "2017.02.18"]
[Round "10.2"]
[White "Nevednichy, Vladislav"]
[Black "Wonner, Frank"]
[Result "1-0"]
[LiveChessVersion "1.4.8"]
[BlackElo "2167"]
[WhiteElo "2548"]

1. e4 {[%clk 0:04:02]} c5 {[%clk 0:04:02]} 2. Nf3 {[%clk 0:04:03]} Nc6
{[%clk 0:04:03]} 3. Bb5 {[%clk 0:04:04]} e6 {[%clk 0:04:03]} 4. Bxc6
{[%clk 0:04:04]} bxc6 {[%clk 0:04:03]} 5. d3 {[%clk 0:04:05]} Qc7
{[%clk 0:04:02]} 6. O-O {[%clk 0:04:04]} e5 {[%clk 0:04:01]} 7. c3
{[%clk 0:03:54]} Ne7 {[%clk 0:03:55]} 8. d4 {[%clk 0:03:53]} cxd4
{[%clk 0:03:52]} 9. cxd4 {[%clk 0:03:54]} Ng6 {[%clk 0:03:48]} 10. Nc3
{[%clk 0:03:50]} Be7 {[%clk 0:03:37]} 11. Nxe5 {[%clk 0:03:37]} Nxe5
{[%clk 0:03:37]} 12. dxe5 {[%clk 0:03:38]} Qxe5 {[%clk 0:03:38]} 13. Be3
{[%clk 0:03:26]} O-O {[%clk 0:03:17]} 14. Qd2 {[%clk 0:03:25]} Bb4
{[%clk 0:02:59]} 15. Bd4 {[%clk 0:03:24]} Qe7 {[%clk 0:02:53]} 16. a3
{[%clk 0:03:03]} Ba5 {[%clk 0:02:51]} 17. Qe3 {[%clk 0:02:52]} d6
{[%clk 0:02:39]} 18. Qg3 {[%clk 0:02:47]} f6 {[%clk 0:02:28]} 19. Rfe1
{[%clk 0:02:36]} Be6 {[%clk 0:02:13]} 20. b4 {[%clk 0:02:29]} Bc7
{[%clk 0:02:14]} 21. Nd5 {[%clk 0:02:25]} Qd8 {[%clk 0:02:05]} 22. Nxc7
{[%clk 0:02:11]} Qxc7 {[%clk 0:02:06]} 23. Rad1 {[%clk 0:02:05]} Rf7
{[%clk 0:01:40]} 24. Be3 {[%clk 0:01:51]} d5 {[%clk 0:01:11]} 25. Bf4
{[%clk 0:01:35]} Qd7 {[%clk 0:01:07]} 26. h4 {[%clk 0:01:30]} a5 {[%clk 0:00:41]}
27. bxa5 {[%clk 0:01:18]} Rxa5 {[%clk 0:00:42]} 28. Bd2 {[%clk 0:01:12]} Ra8
{[%clk 0:00:43]} 29. Bb4 {[%clk 0:01:11]} Qc7 {[%clk 0:00:35]} 30. Qe3
{[%clk 0:00:55]} dxe4 {[%clk 0:00:35]} 31. Qxe4 {[%clk 0:00:56]} Re8
{[%clk 0:00:30]} 32. a4 {[%clk 0:00:40]} g6 {[%clk 0:00:28]} 33. a5
{[%clk 0:00:32]} Bd7 {[%clk 0:00:19]} 34. Qd4 {[%clk 0:00:33]} Rxe1+
{[%clk 0:00:18]} 35. Rxe1 {[%clk 0:00:35]} Bf5 {[%clk 0:00:14]} 36. a6
{[%clk 0:00:28]} Rd7 {[%clk 0:00:16]} 37. Qxf6 {[%clk 0:00:27]} Rf7
{[%clk 0:00:12]} 38. Re8+ 1-0